Educación inclusiva en el contexto de las necesidades educativas especiales en la formación inicial docente de profesores de música de la UAHC

En este proceso de práctica me vi enfrentado a cursos con un número considerable de niños y niñas con necesidades educativas especiales (NEE). Había cursos con un 50% de estudiantes con NEE y otros cursos con porcentajes menores a ese, pero en todos los cursos y niveles se encontraban n...

Descripción completa

Detalles Bibliográficos
Autor principal: Cáceres Pinto, Jonatan
Otros Autores: Sepúlveda Cofré, Ana (profesora guía)
Formato: Tesis
Lenguaje:español
Publicado: Santiago, Chile Universidad Academia de Humanismo Cristiano 2018.
Materias:

MARC

LEADER 00000cmm a2200000 a 4500
001 046588
003 UAHC_CL
005 20220307172532.0
008 161229b2018 cl f 000 spa
040 |a UAHC_CL  |c UAHC_CL  |d UAHC_CL 
100 |a Cáceres Pinto, Jonatan  |9 7885 
245 1 3 |a Educación inclusiva en el contexto de las necesidades educativas especiales en la formación inicial docente de profesores de música de la UAHC  |c Jonatan Cáceres; profesor guía Ana Sepúlveda. 
260 |b Universidad Academia de Humanismo Cristiano  |c 2018.  |a Santiago, Chile 
300 |a cd room 
300 |a CD-ROM 
500 |a Tesis para optar al título de Profesor en Educación Musical y al grado de Licenciado en Educación. 
502 |a Tesis (Pedagogía en Educación Musical)--Universidad Academia de Humanismo Cristiano, 2018. 
520 |a En este proceso de práctica me vi enfrentado a cursos con un número considerable de niños y niñas con necesidades educativas especiales (NEE). Había cursos con un 50% de estudiantes con NEE y otros cursos con porcentajes menores a ese, pero en todos los cursos y niveles se encontraban niñas y niños con algún tipo de necesidad. En esas circunstancias experimenté la incomodidad al no tener herramientas teóricas para poder reconocer ciertas necesidades de los estudiantes, tanto de los alumnos como de las alumnas y, la necesidad de contar con herramientas didácticas específicas para trabajar y atender las necesidades educativas de estos estudiantes. 
650 0 |9 2666  |a Educación inclusiva  |z Chile 
650 0 |9 5843  |a Formación profesional 
650 0 |9 12714  |a Inclusión educativa 
650 0 |9 4174  |a Música en la educación 
700 |a Sepúlveda Cofré, Ana  |e profesora guía  |9 7886 
900 |a TPEMU 28 
942 |c TS  |2 ddc 
952 |0 0  |1 0  |2 ddc  |4 0  |6 TPEMU_28_000000000000000  |7 0  |8 COMP  |9 92053  |a BC  |b BC  |c Digital  |d 2019-05-08  |o TPEMU 28  |r 2019-05-08 00:00:00  |w 2019-05-08  |y TS  |B PMUS 
999 |c 52083  |d 52083